000 00707nas a2200229 4500
001 BR7800336
003 BR-BrBNA
005 20231205083302.0
007 ta
008 230509b bl.|||p| |||| 00| 00por d
040 _aBR-BrBNA
_bpor
_cBiblioteca Nacional de Agricultura
041 _a(Pt)
072 _aH10
100 1 _aCosta, E.C.
100 1 _aLink, D.
245 1 _aEfeito do ataque de Piezodorus guildinnii, em duas variedades de soja [percevejo, Glycine max]
650 _aSOJA
650 _aPERCEVEJO
773 0 _tRevista do Centro de Ciencias Rurais (Brazil)
_xISSN 0085-5901
_g(Jun 1977), v. 7(2) p. 141-148
_wBR7800336
909 _a202311
_bLúcia
_c55
_dLúcia Elande
942 _2AGRIS
_n0
_cANA
999 _c97716
_d97716